Physical Diagnosis : Textbook Of Symptoms And Physical Signs (Record no. 151691)

MARC details
000 -LEADER
fixed length control field 00428nam a2200145Ia 4500
008 - FIXED-LENGTH DATA ELEMENTS--GENERAL INFORMATION
fixed length control field 230411s9999 xx 000 0 und d
020 ## - INTERNATIONAL STANDARD BOOK NUMBER
International Standard Book Number 81-85099-27-8
041 ## - LANGUAGE CODE
Language code of text/sound track or separate title eng
082 ## - DEWEY DECIMAL CLASSIFICATION NUMBER
Classification number MS/616.0754/VAK/GOL/B00172
100 ## - MAIN ENTRY--PERSONAL NAME
Personal name Golwalla & Vakil Rusrom
9 (RLIN) 176428
245 ## - TITLE STATEMENT
Title Physical Diagnosis : Textbook Of Symptoms And Physical Signs
260 ## - PUBLICATION, DISTRIBUTION, ETC. (IMPRINT)
Name of publisher, distributor, etc. Media Promoters
Place of publication, distribution, etc. Mumbai
Date of publication, distribution, etc. 1994
300 ## - PHYSICAL DESCRIPTION
Extent 651p
Holdings
Withdrawn status Lost status Damaged status Not for loan Collection code Home library Current library Date acquired Vendor Cost, normal purchase price Bill number Total Checkouts Full call number Barcode Date last seen Cost, replacement price Bill Date Koha item type Original Barcode
Withdrawn       MS Smt. Bakul Tambat Institute of Nursing Education Smt. Bakul Tambat Institute of Nursing Education 21/07/2000 S.K.Kothari,Pune. 240.00 4235   MS 616.0754 VAK GOL B00172 BTIN-BK-172 11/04/2023 240.00 21/07/2000 Books B00172
        MS Smt. Bakul Tambat Institute of Nursing Education Smt. Bakul Tambat Institute of Nursing Education 02/05/2014 B.J.Medical Co-oprative College Stores 500.00 4235   MS 610.73677 GOL B07659 BTIN-BK-7659 11/04/2023 390.00 21/07/2000 Books B07659